00678 2200241 4500001002100000005001500021035002000036007000300056008004100059020002200100082000800122084001400130100001800144245009900162250001000261260004100271300003200312650001300344700002100357700002100378711002600399990001100425INLIS00000000001407920220802031141 a0010-0822000118ta220802 g 0 ind  a978-602-8512-27-5 a920 a920 BUD m0 aBUDI, Setiadi1 aMenembus Batas /cBudi Setiadi, Tim Ziyad Visi Media; editor, Budiman Mustofa, Erlina Z. Zachi acet.1 aSurakarta :bZiyad Visi Media,c2010 a179 hal. :bilus. ;c20 cm. 4aBIOGRAFI0 aBUDIMAN, Mustofa0 aERLINA, Z. Zachi0 aTIM, Ziyad Visi Media a4155 a